[Event "DEM U18 2004"]
[Site "Willingen GER"]
[Date "2004.06.02"]
[Round "6"]
[White "Holzschuh, Stephan"]
[Black "Trapp, Sascha"]
[Result "1-0"]
[Termination "normal"]
[Board "7"]
[WhiteElo "2153"]
[BlackElo "1950"]
[PlyCount "81"]
[WhiteFideId "4677471"]
[EventCountry "GER"]
[EventRounds "9"]
[EventType "swiss"]
[EventDate "2004.05.29"]

1. e4 c5 2. Nf3 d6 3. d4 cxd4 4. Nxd4 Nf6 5. Nc3 a6 6. Be3 e5 7. Nb3 Be6 8. f3
Nbd7 9. g4 h6 10. Qd2 b5 11. O-O-O Be7 12. h4 Nb6 13. Qf2 Rb8 14. Nc5 Bc8 15.
Kb1 Qc7 16. Nb3 Nc4 17. Bc1 Be6 18. Rh2 b4 19. Nd5 Bxd5 20. exd5 Nb6 21. g5
Nfxd5 22. f4 hxg5 23. hxg5 Rxh2 24. Qxh2 g6 25. Bxa6 Qc6 26. fxe5 Na4 27. exd6
Nac3+ 28. bxc3 Nxc3+ 29. Ka1 Nxd1 30. dxe7 Kxe7 31. Qe5+ Qe6 32. Qxe6+ Kxe6 33.
Bc4+ Ke7 34. Nd4 Rh8 35. Nc6+ Kd6 36. Na5 Rh1 37. Bxf7 Nc3 38. Nb3 Ne2 39. Kb2
Nc3 40. Bxg6 Na4+ 41. Ka1 1-0

[Event "DEM U18 2004"]
[Site "Willingen GER"]
[Date "2004.06.02"]
[Round "6"]
[White "Koller, Jens"]
[Black "Roggon, Jacob"]
[Result "1-0"]
[Termination "normal"]
[Board "8"]
[WhiteElo "2256"]
[BlackElo "2041"]
[PlyCount "53"]
[WhiteFideId "4680952"]
[BlackFideId "4689550"]
[EventCountry "GER"]
[EventRounds "9"]
[EventType "swiss"]
[EventDate "2004.05.29"]

1. e4 c6 2. d4 d5 3. Nc3 dxe4 4. Nxe4 Bf5 5. Ng3 Bg6 6. h4 h6 7. h5 Bh7 8. Nf3
Nd7 9. Bd3 Bxd3 10. Qxd3 Qc7 11. Bd2 Ngf6 12. O-O-O O-O-O 13. Qe2 e6 14. Ne5
Nb6 15. c4 Rxd4 16. Be3 Rxd1+ 17. Rxd1 Nfd5 18. cxd5 Qxe5 19. dxc6 Qc7 20. Kb1
bxc6 21. Bd4 Nd5 22. Ne4 Rg8 23. Qa6+ Qb7 24. Qa4 f5 25. Nc3 g5 26. Nxd5 exd5
27. Rc1 1-0

[Event "DEM U18 2004"]
[Site "Willingen GER"]
[Date "2004.06.02"]
[Round "6"]
[White "Lohr, Matthias"]
[Black "Schulenburg, Fabian"]
[Result "0-1"]
[Termination "normal"]
[Board "9"]
[WhiteElo "2182"]
[BlackElo "2030"]
[PlyCount "68"]
[WhiteFideId "4692772"]
[EventCountry "GER"]
[EventRounds "9"]
[EventType "swiss"]
[EventDate "2004.05.29"]

1. Nf3 Nf6 2. g3 g6 3. Bg2 Bg7 4. O-O O-O 5. d3 d5 6. Nbd2 b6 7. c3 Nbd7 8. a4
a5 9. Qc2 Bb7 10. Re1 e5 11. e4 dxe4 12. Nxe4 Nxe4 13. dxe4 Nc5 14. Re3 Qe7 15.
b3 Rfd8 16. Ba3 Ba6 17. Bf1 Bc8 18. Bc4 c6 19. Ne1 Ra7 20. Nd3 Bh6 21. Nxc5
bxc5 22. Rd3 Rxd3 23. Qxd3 Bg4 24. Qf1 Rd7 25. Be2 Be6 26. Bc4 Bd2 27. Bb2 Rd6
28. Rd1 Qd7 29. Qe2 Bg4 30. Bxf7+ Kxf7 31. Qc4+ Kg7 32. Ra1 Bf3 33. Qf1 Bg5 34.
c4 Bf6 0-1

[Event "DEM U18 2004"]
[Site "Willingen GER"]
[Date "2004.06.02"]
[Round "6"]
[White "Peters, Stefan"]
[Black "Laßan, Christian"]
[Result "0-1"]
[Termination "normal"]
[Board "10"]
[WhiteElo "1892"]
[BlackElo "2074"]
[PlyCount "104"]
[BlackFideId "4685997"]
[EventCountry "GER"]
[EventRounds "9"]
[EventType "swiss"]
[EventDate "2004.05.29"]

1. e4 e6 2. d4 d5 3. Nd2 Nf6 4. e5 Nfd7 5. Bd3 c5 6. c3 Nc6 7. Ne2 Qb6 8. Nf3
Be7 9. O-O cxd4 10. cxd4 f6 11. exf6 Nxf6 12. Re1 e5 13. Nxe5 Nxe5 14. dxe5 Ng4
15. Nd4 O-O 16. Be3 Nxe3 17. fxe3 Qh6 18. Qb3 Rd8 19. Kh1 Bh4 20. Re2 Bg3 21.
h3 Bxe5 22. Be4 Qd6 23. Nb5 Qe6 24. Rd1 Kh8 25. Bxd5 Qg6 26. Be4 Bf5 27. Bxf5
Qxf5 28. Nd4 Qg6 29. Nf3 Bc7 30. e4 Bf4 31. e5 Rac8 32. e6 Rxd1+ 33. Qxd1 Rc1
34. Qxc1 Bxc1 35. e7 Qe8 36. Ne5 Kg8 37. Nc4 Bf4 38. a4 g6 39. b4 Kg7 40. b5
Bb8 41. a5 a6 42. bxa6 bxa6 43. Re4 Kf7 44. Kg1 Ba7+ 45. Nb6 Qxe7 46. Rxe7+
Kxe7 47. Kf1 Bxb6 48. axb6 Kd6 49. b7 Kc7 50. h4 h5 51. Ke2 Kxb7 52. Kf3 a5 0-1

[Event "DEM U18 2004"]
[Site "Willingen GER"]
[Date "2004.06.02"]
[Round "6"]
[White "Sbierski, Jan"]
[Black "Röber, Jürgen"]
[Result "1-0"]
[Termination "normal"]
[Board "11"]
[WhiteElo "1859"]
[BlackElo "2048"]
[PlyCount "85"]
[BlackFideId "4697090"]
[EventCountry "GER"]
[EventRounds "9"]
[EventType "swiss"]
[EventDate "2004.05.29"]

1. d4 Nf6 2. c4 g6 3. Nc3 Bg7 4. Nf3 d6 5. g3 Nc6 6. Bg2 O-O 7. O-O a6 8. e3
Rb8 9. b3 e5 10. Bb2 Nd7 11. dxe5 Ncxe5 12. Qe2 b5 13. cxb5 axb5 14. Rac1 Nc5
15. Nxe5 Bxe5 16. Rfd1 b4 17. Ne4 Ba6 18. Qd2 Bxb2 19. Qxb2 Nd3 20. Rxd3 f5 21.
Nc5 Bxd3 22. Bd5+ Rf7 23. Bxf7+ Kxf7 24. Nxd3 c5 25. Rd1 Qe7 26. Qd2 g5 27. Nb2
Rd8 28. Qd5+ Qe6 29. Qxe6+ Kxe6 30. Rd2 d5 31. Kf1 Ra8 32. Nd3 Kd6 33. Rc2 Ra5
34. Rd2 c4 35. bxc4 dxc4 36. Nxb4+ Kc5 37. Rd5+ Kxb4 38. Rxa5 Kxa5 39. Ke2 Kb4
40. Kd2 c3+ 41. Kc2 h5 42. a3+ Kxa3 43. Kxc3 1-0

[Event "DEM U18 2004"]
[Site "Willingen GER"]
[Date "2004.06.02"]
[Round "6"]
[White "Willert, Christof"]
[Black "Engelmann, Jakob"]
[Result "0-1"]
[Termination "normal"]
[Board "12"]
[WhiteElo "1673"]
[BlackElo "1909"]
[PlyCount "80"]
[BlackFideId "24619019"]
[EventCountry "GER"]
[EventRounds "9"]
[EventType "swiss"]
[EventDate "2004.05.29"]

1. d4 Nf6 2. c4 c5 3. d5 b5 4. cxb5 a6 5. bxa6 Bxa6 6. Nc3 d6 7. Nf3 g6 8. Nd2
Qa5 9. Qc2 Bg7 10. g3 Nbd7 11. Bg2 O-O 12. O-O Rab8 13. Re1 Rfc8 14. Qa4 Qb6
15. Nc4 Bxc4 16. Qxc4 Ne5 17. Qa4 c4 18. Qc2 Nfd7 19. Bh3 Rc7 20. Na4 Qa5 21.
Rd1 Ra7 22. Nc3 Nc5 23. f4 Ned7 24. Bxd7 Rxd7 25. Be3 Rdb7 26. Rab1 Bxc3 27.
bxc3 Rxb1 28. Rxb1 Rxb1+ 29. Qxb1 Qxc3 30. Bxc5 dxc5 31. Kf1 h6 32. Qd1 Qb2 33.
d6 exd6 34. Qxd6 c3 35. Qe5 Qb1+ 36. Kf2 c2 37. Qe8+ Kg7 38. Qe5+ Kh7 39. Qe7
Qxa2 40. Qxc5 Qb2 0-1

[Event "DEM U18 2004"]
[Site "Willingen GER"]
[Date "2004.06.03"]
[Round "7"]
[White "Heinz, Axel"]
[Black "Lammers, Markus"]
[Result "1/2-1/2"]
[Termination "normal"]
[Board "1"]
[WhiteElo "2244"]
[BlackElo "2148"]
[PlyCount "116"]
[WhiteFideId "4667557"]
[BlackFideId "4680847"]
[EventCountry "GER"]
[EventRounds "9"]
[EventType "swiss"]
[EventDate "2004.05.29"]

1. e4 Nc6 2. Nf3 d6 3. d4 Nf6 4. Nc3 Bg4 5. Be3 g6 6. h3 Bxf3 7. Qxf3 Bg7 8.
Qd1 O-O 9. Qd2 e5 10. dxe5 Nxe5 11. Be2 Re8 12. O-O Nc6 13. Bf3 Ne5 14. Be2 Nc6
15. Bg5 Qd7 16. Bd3 Ne5 17. f4 Nxd3 18. cxd3 c6 19. Bxf6 Bxf6 20. d4 Bg7 21.
Rad1 f5 22. e5 dxe5 23. dxe5 Qc7 24. Rf3 Rad8 25. Rd3 Rxd3 26. Qxd3 Qb6+ 27.
Kh2 Bf8 28. Qc4+ Kg7 29. Rd7+ Re7 30. Rd2 Rc7 31. Ne2 Qf2 32. e6 Re7 33. Rd8
Qe3 34. Rd6 Kf6 35. Nc3 Rxe6 36. Rxe6+ Qxe6 37. Qd4+ Kf7 38. Qxa7 Qd7 39. Ne2
Bd6 40. Qd4 Qe6 41. Kh1 Be7 42. Ng1 Bf6 43. Qb6 Qd7 44. Nf3 Kg7 45. Kh2 Bd8 46.
Qb4 Bf6 47. Qb6 Bd8 48. Qb4 Qc7 49. a4 Bf6 50. b3 Qe7 51. Qb6 h6 52. a5 Qd7 53.
a6 bxa6 54. Qxa6 g5 55. Ne5 Qc7 56. Kh1 gxf4 57. Nf3 Qd7 58. Qc4 Qd6 1/2-1/2

[Event "DEM U18 2004"]
[Site "Willingen GER"]
[Date "2004.06.03"]
[Round "7"]
[White "Walter, Stefan"]
[Black "Meinhardt, Maximilian"]
[Result "0-1"]
[Termination "normal"]
[Board "2"]
[WhiteElo "2157"]
[BlackElo "2285"]
[PlyCount "66"]
[WhiteFideId "4686608"]
[BlackFideId "4668766"]
[EventCountry "GER"]
[EventRounds "9"]
[EventType "swiss"]
[EventDate "2004.05.29"]

1. d4 d5 2. c4 e6 3. Nf3 c5 4. cxd5 exd5 5. e3 Nf6 6. Bb5+ Nc6 7. O-O Bd6 8.
Qc2 Qb6 9. Bxc6+ bxc6 10. dxc5 Bxc5 11. b3 Be7 12. Bb2 c5 13. Nc3 Be6 14. Rac1
Rc8 15. Na4 Qb4 16. Qd2 Qb5 17. Ne5 O-O 18. Rfd1 Rfd8 19. Qe1 Bd6 20. h3 Qb8
21. Nf3 Bd7 22. Bxf6 gxf6 23. Nc3 Be6 24. Qe2 Be5 25. Qb5 Qb6 26. Qe2 Bb8 27.
Rc2 Qb4 28. Na4 Kh8 29. Qd2 Qb5 30. Qc1 Rg8 31. Qb2 d4 32. exd4 Rxg2+ 33. Kh1
Bd5 0-1

[Event "DEM U18 2004"]
[Site "Willingen GER"]
[Date "2004.06.03"]
[Round "7"]
[White "Eisenbeiser, Amadeus"]
[Black "Degtiarev, Jewgeni"]
[Result "1/2-1/2"]
[Termination "normal"]
[Board "3"]
[WhiteElo "2229"]
[BlackElo "2284"]
[PlyCount "83"]
[WhiteFideId "4678338"]
[BlackFideId "4149610"]
[EventCountry "GER"]
[EventRounds "9"]
[EventType "swiss"]
[EventDate "2004.05.29"]

1. e4 e5 2. Nf3 Nc6 3. Bb5 a6 4. Bxc6 dxc6 5. O-O f6 6. d4 exd4 7. Nxd4 c5 8.
Nb3 Qxd1 9. Rxd1 Bd6 10. Nc3 Be6 11. Be3 Bxb3 12. axb3 O-O-O 13. Nd5 Ne7 14.
Nxe7+ Bxe7 15. Bf4 Rd4 16. Re1 g5 17. Be3 Rd7 18. f3 Bd6 19. g3 h5 20. Kg2 h4
21. f4 hxg3 22. hxg3 gxf4 23. gxf4 Rg7+ 24. Kf3 Rh3+ 25. Ke2 Rg2+ 26. Kd1 Rhh2
27. Bc1 Rxc2 28. e5 Be7 29. Ra4 f5 30. Rc4 Rcg2 31. Rf1 Rg8 32. Rc2 Rd8+ 33.
Rd2 Rdxd2+ 34. Bxd2 Kd7 35. Rg1 Rh8 36. Rg6 Ra8 37. Kc2 a5 38. Rh6 a4 39. bxa4
Rxa4 40. Rh5 Ke6 41. Rh6+ Kd7 42. Rh5 1/2-1/2

[Event "DEM U18 2004"]
[Site "Willingen GER"]
[Date "2004.06.03"]
[Round "7"]
[White "Jovalekic, Oliver"]
[Black "Postojev, Alexander"]
[Result "0-1"]
[Termination "normal"]
[Board "4"]
[WhiteElo "2164"]
[BlackElo "2150"]
[PlyCount "50"]
[WhiteFideId "4682530"]
[BlackFideId "4672186"]
[EventCountry "GER"]
[EventRounds "9"]
[EventType "swiss"]
[EventDate "2004.05.29"]

1. e4 c5 2. Nf3 d6 3. d4 cxd4 4. Nxd4 Nf6 5. Nc3 a6 6. Qf3 e6 7. g4 Nc6 8. Nb3
Ne5 9. Qg3 Nexg4 10. f4 h5 11. h3 Nh6 12. Be3 b5 13. a3 Bb7 14. Bg2 Rc8 15. O-O
a5 16. Qg5 d5 17. exd5 Nf5 18. Bf2 Rh6 19. Rfe1 Be7 20. dxe6 Rg6 21. Qxf5 Rxg2+
22. Kf1 a4 23. Nd4 Rxf2+ 24. Kxf2 Qxd4+ 25. Kf1 Bc5 0-1

[Event "DEM U18 2004"]
[Site "Willingen GER"]
[Date "2004.06.03"]
[Round "7"]
[White "Holzschuh, Stephan"]
[Black "Krämer, Martin"]
[Result "1/2-1/2"]
[Termination "normal"]
[Board "5"]
[WhiteElo "2153"]
[BlackElo "2243"]
[PlyCount "57"]
[WhiteFideId "4677471"]
[BlackFideId "4671910"]
[EventCountry "GER"]
[EventRounds "9"]
[EventType "swiss"]
[EventDate "2004.05.29"]

1. e4 c5 2. Nf3 Nc6 3. d4 cxd4 4. Nxd4 g6 5. c4 Bg7 6. Be3 Nf6 7. Nc3 O-O 8.
Be2 d6 9. O-O Bd7 10. Nb3 b6 11. Rc1 Ne8 12. Kh1 Nc7 13. f4 Ne6 14. Qd2 f5 15.
exf5 gxf5 16. Bf3 Rc8 17. Nb5 a6 18. N5d4 Nexd4 19. Nxd4 Nxd4 20. Bxd4 Bxd4 21.
Qxd4 Rf6 22. Rfe1 Kf8 23. Rc3 Bc6 24. Bxc6 Rxc6 25. Rg3 Qd7 26. b3 Kf7 27. Rh3
h6 28. Rg3 e6 29. Qd1 1/2-1/2

[Event "DEM U18 2004"]
[Site "Willingen GER"]
[Date "2004.06.03"]
[Round "7"]
[White "Fiebig, Thomas"]
[Black "Laßan, Christian"]
[Result "1-0"]
[Termination "normal"]
[Board "6"]
[WhiteElo "2263"]
[BlackElo "2074"]
[PlyCount "133"]
[WhiteFideId "4693922"]
[BlackFideId "4685997"]
[EventCountry "GER"]
[EventRounds "9"]
[EventType "swiss"]
[EventDate "2004.05.29"]

1. e4 c6 2. d4 d5 3. f3 e5 4. dxe5 Bc5 5. Nc3 Qb6 6. Na4 Bf2+ 7. Ke2 Qd4 8.
Qxd4 Bxd4 9. exd5 Bxe5 10. Bd2 cxd5 11. Re1 Ne7 12. Kd1 Bd6 13. Nc3 Kd8 14.
Nge2 Nbc6 15. Nf4 Bxf4 16. Bxf4 Be6 17. Kc1 Kd7 18. Na4 Ng6 19. Nc5+ Kc8 20.
Bd2 Re8 21. f4 Kc7 22. h4 Bf5 23. Be2 Nd4 24. Bd1 b6 25. Nb3 Nxb3+ 26. axb3 Be4
27. h5 Nf8 28. Rh3 Nd7 29. g4 Rac8 30. Rhe3 g6 31. g5 f5 32. Rh3 Kb8 33. b4 Re6
34. Be3 Rec6 35. c3 Nf8 36. Ba4 R6c7 37. Bd4 Ka8 38. Be5 Rb7 39. Bb5 Nd7 40.
Bd6 Nb8 41. hxg6 hxg6 42. Rh6 a6 43. Bxb8 Rbxb8 44. Bxa6 Rc6 45. Bb5 Rd6 46.
Kd2 Rbd8 47. Ra1+ Kb8 48. Rh7 d4 49. c4 Bb7 50. Re7 Rh8 51. Re8+ Rxe8 52. Bxe8
Re6 53. Bf7 Re4 54. Rf1 Re3 55. Bxg6 Be4 56. Bf7 Rg3 57. Rf2 Rg1 58. g6 Rb1 59.
Re2 Rg1 60. Bd5 Bxd5 61. cxd5 Rxg6 62. Re5 Rg2+ 63. Kd3 Rxb2 64. Rxf5 Rxb4 65.
Rf7 Kc8 66. f5 Kd8 67. f6 1-0

[Event "DEM U18 2004"]
[Site "Willingen GER"]
[Date "2004.06.03"]
[Round "7"]
[White "Döhn, Raphael"]
[Black "Koller, Jens"]
[Result "1/2-1/2"]
[Termination "normal"]
[Board "7"]
[WhiteElo "2052"]
[BlackElo "2256"]
[PlyCount "101"]
[WhiteFideId "4695291"]
[BlackFideId "4680952"]
[EventCountry "GER"]
[EventRounds "9"]
[EventType "swiss"]
[EventDate "2004.05.29"]

1. e4 c5 2. Nf3 e6 3. d4 cxd4 4. Nxd4 Nc6 5. Nc3 a6 6. Be2 Nge7 7. O-O Nxd4 8.
Qxd4 Nc6 9. Qd3 Qc7 10. Be3 Be7 11. f4 O-O 12. a4 Rd8 13. Bf3 d6 14. Rfd1 Na5
15. b3 Bd7 16. Ne2 Rac8 17. c4 Nc6 18. Nc3 Bf6 19. Rac1 Be8 20. Kh1 Qa5 21. Ne2
Nb4 22. Qd2 b5 23. axb5 axb5 24. Bd4 Bxd4 25. Nxd4 bxc4 26. bxc4 Qc5 27. f5 Nc6
28. fxe6 Nxd4 29. exf7+ Bxf7 30. Qxd4 Bxc4 31. Qxc5 Rxc5 32. Rd4 Rdc8 33. Rxd6
Bb3 34. Rxc5 Rxc5 35. h4 Kf7 36. Kh2 Rc1 37. Kg3 Rh1 38. Rb6 Be6 39. e5 Re1 40.
Kf4 Rh1 41. Rb7+ Kf8 42. h5 Bf7 43. Kg5 Re1 44. Kf5 Rf1 45. Ra7 h6 46. Rd7 Ke8
47. Rd4 Bxh5 48. Ke6 Bxf3 49. gxf3 Ra1 50. Rd6 Ra7 51. Rb6 1/2-1/2

[Event "DEM U18 2004"]
[Site "Willingen GER"]
[Date "2004.06.03"]
[Round "7"]
[White "Trapp, Sascha"]
[Black "Schulenburg, Fabian"]
[Result "0-1"]
[Termination "normal"]
[Board "8"]
[WhiteElo "1950"]
[BlackElo "2030"]
[PlyCount "72"]
[EventCountry "GER"]
[EventRounds "9"]
[EventType "swiss"]
[EventDate "2004.05.29"]

1. e4 d5 2. exd5 Qxd5 3. Nc3 Qa5 4. d4 c6 5. Bd2 Bf5 6. Bc4 e6 7. d5 cxd5 8.
Nxd5 Qd8 9. Qe2 Nf6 10. Nxf6+ Qxf6 11. O-O-O Nc6 12. Bc3 Qg5+ 13. Kb1 Be7 14.
Nf3 Qg6 15. Bb5 Bf6 16. Nd4 Bxd4 17. Bxd4 O-O 18. Bxc6 bxc6 19. f3 e5 20. Bc3
Rfe8 21. g4 Be6 22. Qf2 Bd5 23. Rhg1 Qf6 24. Rdf1 Qf4 25. Re1 Qc4 26. Rxe5
Qxa2+ 27. Kc1 Rxe5 28. Bxe5 Rd8 29. Qd4 c5 30. Qxc5 Qa1+ 31. Kd2 Bxf3+ 32. Kc3
Qa6 33. Kb3 Qe6+ 34. Ka3 Rd5 35. Qe3 Rxe5 36. Qxf3 Re3+ 0-1

[Event "DEM U18 2004"]
[Site "Willingen GER"]
[Date "2004.06.03"]
[Round "7"]
[White "Engelmann, Jakob"]
[Black "Sbierski, Jan"]
[Result "1-0"]
[Termination "normal"]
[Board "9"]
[WhiteElo "1909"]
[BlackElo "1859"]
[PlyCount "59"]
[WhiteFideId "24619019"]
[EventCountry "GER"]
[EventRounds "9"]
[EventType "swiss"]
[EventDate "2004.05.29"]

1. e4 Nf6 2. e5 Nd5 3. d4 d6 4. Nf3 dxe5 5. Nxe5 c6 6. Nd2 Nd7 7. Ndf3 Nxe5 8.
Nxe5 Bf5 9. c3 e6 10. g4 Be4 11. Rg1 Be7 12. Qe2 Bg6 13. f4 Qa5 14. Bd2 Bh4+
15. Kd1 O-O-O 16. f5 exf5 17. gxf5 Bxf5 18. Nxf7 Qa4+ 19. b3 Nxc3+ 20. Bxc3
Rxd4+ 21. Kc1 Qa3+ 22. Qb2 Qe7 23. Qe2 Re4 24. Qh5 Re1+ 25. Kb2 g6 26. Rxg6
Bxg6 27. Qg4+ Qe6 28. Qxe6+ Rxe6 29. Nxh8 Bf5 30. Bc4 1-0

[Event "DEM U18 2004"]
[Site "Willingen GER"]
[Date "2004.06.03"]
[Round "7"]
[White "Werner, Daniel"]
[Black "Mischke, Christian"]
[Result "1-0"]
[Termination "normal"]
[Board "10"]
[WhiteElo "2157"]
[BlackElo "1782"]
[PlyCount "95"]
[WhiteFideId "4662814"]
[EventCountry "GER"]
[EventRounds "9"]
[EventType "swiss"]
[EventDate "2004.05.29"]

1. e4 c5 2. Nf3 e6 3. d4 cxd4 4. Nxd4 Nf6 5. Nc3 Bb4 6. e5 Nd5 7. Qg4 Kf8 8.
Ndb5 Nc6 9. Qh5 a6 10. Nd6 Bxd6 11. exd6 Nxc3 12. bxc3 Qf6 13. Bd2 b5 14. Be2
Bb7 15. Qc5 Rb8 16. a4 Qe5 17. Qxe5 Nxe5 18. O-O Be4 19. axb5 axb5 20. Rfb1 f6
21. Rxb5 Kf7 22. Ra7 Rxb5 23. Bxb5 Rb8 24. c4 Bc6 25. f4 Bxb5 26. cxb5 Nc4 27.
Rxd7+ Ke8 28. Re7+ Kd8 29. Bb4 Rxb5 30. c3 e5 31. Rxg7 e4 32. Rc7 Nb2 33. Re7
f5 34. Re5 Rxe5 35. fxe5 Kd7 36. Bc5 h5 37. g3 Nd3 38. Bd4 f4 39. gxf4 Nxf4 40.
Kf2 Nd5 41. c4 Nf4 42. Ke3 Ne6 43. Kxe4 Ng5+ 44. Kf4 Ne6+ 45. Ke3 Ng5 46. Bc3
Ke6 47. Be1 Nf7 48. Bg3 1-0

[Event "DEM U18 2004"]
[Site "Willingen GER"]
[Date "2004.06.03"]
[Round "7"]
[White "Roggon, Jacob"]
[Black "Lohr, Matthias"]
[Result "0-1"]
[Termination "normal"]
[Board "11"]
[WhiteElo "2041"]
[BlackElo "2182"]
[PlyCount "26"]
[WhiteFideId "4689550"]
[BlackFideId "4692772"]
[EventCountry "GER"]
[EventRounds "9"]
[EventType "swiss"]
[EventDate "2004.05.29"]

1. d4 Nf6 2. Nf3 e6 3. Bf4 b6 4. e3 Bb7 5. Nbd2 d5 6. Bd3 Bd6 7. O-O O-O 8. c3
c5 9. Bxd6 Qxd6 10. Qb1 Nbd7 11. e4 cxd4 12. Nxd4 Nc5 13. exd5 Qxd5 0-1

[Event "DEM U18 2004"]
[Site "Willingen GER"]
[Date "2004.06.03"]
[Round "7"]
[White "Peters, Stefan"]
[Black "Willert, Christof"]
[Result "1-0"]
[Termination "normal"]
[Board "12"]
[WhiteElo "1892"]
[BlackElo "1673"]
[PlyCount "51"]
[EventCountry "GER"]
[EventRounds "9"]
[EventType "swiss"]
[EventDate "2004.05.29"]

1. e4 e6 2. d4 d5 3. Nd2 dxe4 4. Nxe4 Bd7 5. Nf3 Bc6 6. Bd3 Nd7 7. Qe2 Ngf6 8.
Nxf6+ Nxf6 9. Bg5 Be7 10. O-O-O O-O 11. h4 a6 12. Ne5 Bd7 13. h5 b5 14. Kb1 c6
15. Bxf6 Bxf6 16. Qe4 Re8 17. Qxh7+ Kf8 18. h6 Ke7 19. Qe4 Qc7 20. Ng4 Rh8 21.
Nxf6 gxf6 22. h7 c5 23. d5 c4 24. Be2 Qd6 25. dxe6 Qxe6 26. Rxd7+ 1-0

[Event "DEM U18 2004"]
[Site "Willingen GER"]
[Date "2004.06.03"]
[Round "7"]
[White "Röber, Jürgen"]
[Black "Steinbrügge, Rene"]
[Result "1-0"]
[Termination "normal"]
[Board "13"]
[WhiteElo "2048"]
[BlackElo "1866"]
[PlyCount "47"]
[WhiteFideId "4697090"]
[EventCountry "GER"]
[EventRounds "9"]
[EventType "swiss"]
[EventDate "2004.05.29"]

1. e4 e5 2. Nf3 Nc6 3. Bb5 Bc5 4. O-O Nd4 5. Nxd4 Bxd4 6. c3 Bb6 7. d4 exd4 8.
cxd4 c6 9. Ba4 d5 10. exd5 Qxd5 11. Re1+ Be6 12. Nc3 Qd7 13. Be3 O-O-O 14. d5
Bxd5 15. Bxb6 axb6 16. Nxd5 Qxd5 17. Qg4+ Qd7 18. Qxg7 Qd4 19. Qxf7 Qxa4 20.
Qf5+ Rd7 21. Re8+ Kc7 22. Qe5+ Rd6 23. Qg7+ Rd7 24. Qxh8 1-0

[Event "DEM U18 2004"]
[Site "Willingen GER"]
[Date "2004.06.04"]
[Round "8"]
[White "Postojev, Alexander"]
[Black "Meinhardt, Maximilian"]
[Result "0-1"]
[Termination "normal"]
[Board "1"]
[WhiteElo "2150"]
[BlackElo "2285"]
[PlyCount "52"]
[WhiteFideId "4672186"]
[BlackFideId "4668766"]
[EventCountry "GER"]
[EventRounds "9"]
[EventType "swiss"]
[EventDate "2004.05.29"]

1. d4 d5 2. c4 e6 3. Nc3 c5 4. cxd5 exd5 5. Nf3 Nc6 6. g3 Nf6 7. Bg2 Be7 8. Bg5
O-O 9. O-O cxd4 10. Nxd4 h6 11. Be3 Re8 12. Rc1 Bg4 13. h3 Be6 14. Ncb5 Qd7 15.
Kh2 Bf8 16. Nb3 a6 17. N5d4 Ne5 18. Nxe6 Qxe6 19. Nc5 Qf5 20. b3 Neg4+ 21. hxg4
Nxg4+ 22. Kg1 Qh5 23. Re1 Rxe3 24. Qd4 Rae8 25. fxe3 Qh2+ 26. Kf1 Nxe3+ 0-1

[Event "DEM U18 2004"]
[Site "Willingen GER"]
[Date "2004.06.04"]
[Round "8"]
[White "Heinz, Axel"]
[Black "Eisenbeiser, Amadeus"]
[Result "1/2-1/2"]
[Termination "normal"]
[Board "2"]
[WhiteElo "2244"]
[BlackElo "2229"]
[PlyCount "65"]
[WhiteFideId "4667557"]
[BlackFideId "4678338"]
[EventCountry "GER"]
[EventRounds "9"]
[EventType "swiss"]
[EventDate "2004.05.29"]

1. e4 c5 2. Nf3 d6 3. c3 Nf6 4. Bd3 Nc6 5. O-O Bg4 6. h3 Bh5 7. Bc2 e6 8. d3 d5
9. Nbd2 Qc7 10. g4 Bg6 11. Nh4 Bd6 12. Ng2 c4 13. dxc4 dxe4 14. Qe2 Ne5 15.
Nxe4 Nxe4 16. Bxe4 Bxe4 17. Qxe4 Nxc4 18. b3 Nb6 19. c4 Be5 20. Bf4 Bxf4 21.
Qxf4 O-O-O 22. Rfd1 Rd7 23. Rxd7 Qxd7 24. Ne3 Qc7 25. Qxc7+ Kxc7 26. Rd1 Nd7
27. Kg2 g5 28. h4 h6 29. Rh1 Rd8 30. Kf3 Ne5+ 31. Ke2 Rd4 32. hxg5 hxg5 33. Rh5
1/2-1/2

[Event "DEM U18 2004"]
[Site "Willingen GER"]
[Date "2004.06.04"]
[Round "8"]
[White "Lammers, Markus"]
[Black "Degtiarev, Jewgeni"]
[Result "1-0"]
[Termination "normal"]
[Board "3"]
[WhiteElo "2148"]
[BlackElo "2284"]
[PlyCount "79"]
[WhiteFideId "4680847"]
[BlackFideId "4149610"]
[EventCountry "GER"]
[EventRounds "9"]
[EventType "swiss"]
[EventDate "2004.05.29"]

1. e4 e5 2. Nf3 Nc6 3. d4 exd4 4. Nxd4 Bc5 5. Nb3 Bb4+ 6. c3 Be7 7. Bd3 Nf6 8.
f4 d6 9. O-O g5 10. e5 dxe5 11. fxg5 Bg4 12. Qc2 Nd5 13. Bxh7 Qd6 14. g6 fxg6
15. Bxg6+ Kd7 16. Bf5+ Bxf5 17. Qxf5+ Qe6 18. N1d2 Qxf5 19. Rxf5 Nf4 20. Nf1
Rag8 21. Ng3 Bd6 22. Bxf4 exf4 23. Ne4 Ne7 24. Nxd6 Nxf5 25. Nxf5 f3 26. Rd1+
Ke8 27. g3 Rf8 28. Ne3 Rh6 29. h4 Ra6 30. Nc1 f2+ 31. Kf1 Rg6 32. Ne2 c6 33.
Ng2 Rf3 34. Ngf4 Rf6 35. Kg2 Re3 36. Kxf2 Re5 37. Kf3 Ra5 38. a3 Rb5 39. Rd2 a5
40. g4 1-0

[Event "DEM U18 2004"]
[Site "Willingen GER"]
[Date "2004.06.04"]
[Round "8"]
[White "Schulenburg, Fabian"]
[Black "Fiebig, Thomas"]
[Result "1/2-1/2"]
[Termination "normal"]
[Board "4"]
[WhiteElo "2030"]
[BlackElo "2263"]
[PlyCount "104"]
[BlackFideId "4693922"]
[EventCountry "GER"]
[EventRounds "9"]
[EventType "swiss"]
[EventDate "2004.05.29"]

1. e4 e6 2. d4 d5 3. Nc3 Nf6 4. Bg5 Bb4 5. e5 h6 6. Bd2 Bxc3 7. bxc3 Ne4 8. Qg4
Kf8 9. Bd3 Nxd2 10. Kxd2 c5 11. h4 Nc6 12. Rh3 c4 13. Be2 b5 14. Rg3 Rg8 15.
Qf4 Bd7 16. Bh5 Be8 17. Rf3 f5 18. Bxe8 Kxe8 19. g4 Ne7 20. Qg3 Kd7 21. Ne2 Qe8
22. Nf4 Qf7 23. Qg2 Raf8 24. g5 Rb8 25. a3 Ng6 26. Nxg6 Qxg6 27. Rg3 h5 28. f4
Rb6 29. Qe2 Rgb8 30. Rgg1 Kc7 31. Qf3 Ra6 32. Rgb1 Rb7 33. Qd1 Qe8 34. Rb4 g6
35. Qb1 Rab6 36. Ra2 Qc6 37. Kd1 a6 38. Kc1 a5 39. Rbb2 Qe8 40. Ra1 Qb8 41.
Raa2 Kc6 42. Qa1 Ra7 43. Kd1 Raa6 44. Kc1 Qa7 45. Qb1 Qa8 46. Kd1 Rb7 47. Kc1
Raa7 48. Kd1 Ra6 49. Kc1 Qa7 50. Kd1 Rb8 51. Kc1 Rbb6 52. Kd1 Qb7 1/2-1/2

[Event "DEM U18 2004"]
[Site "Willingen GER"]
[Date "2004.06.04"]
[Round "8"]
[White "Krämer, Martin"]
[Black "Walter, Stefan"]
[Result "1-0"]
[Termination "normal"]
[Board "5"]
[WhiteElo "2243"]
[BlackElo "2157"]
[PlyCount "67"]
[WhiteFideId "4671910"]
[BlackFideId "4686608"]
[EventCountry "GER"]
[EventRounds "9"]
[EventType "swiss"]
[EventDate "2004.05.29"]

1. Nf3 Nf6 2. g3 g6 3. Bg2 Bg7 4. O-O O-O 5. d3 d5 6. Nbd2 c6 7. e4 Na6 8. Re1
Re8 9. e5 Nd7 10. h4 Nf8 11. Nf1 f6 12. Qe2 Bf5 13. Bf4 Ne6 14. Bd2 Qd7 15. Ne3
Nf8 16. Nxf5 Qxf5 17. Kh2 Qc8 18. Bh3 f5 19. h5 Ne6 20. Nh4 Nd4 21. Qd1 Qe6 22.
c3 Nb5 23. Qf3 d4 24. c4 Nbc7 25. Nxf5 gxf5 26. Bxf5 Qf7 27. Bxh7+ Kf8 28.
Qxf7+ Kxf7 29. Bg6+ Ke6 30. Bxe8 Rxe8 31. b4 Kf5 32. Kh3 Bxe5 33. g4+ Kf6 34.
f4 1-0